[Event "FRA-chT1 0910"]
[Site "France"]
[Date "2009.10.18"]
[Round "3.8"]
[White "Dikant, Christophe"]
[Black "Pecqueux, Edouard"]
[Result "0-1"]
[WhiteElo "2019"]
[BlackElo "1841"]
[PlyCount "151"]
[EventDate "2009.09.27"]
[EventType "team-tourn"]
[EventRounds "11"]
[EventCountry "FRA"]
[SourceTitle "EXT 2011"]
[Source "ChessBase"]
[SourceDate "2010.11.26"]
[SourceVersion "1"]
[SourceVersionDate "2010.11.26"]
[SourceQuality "1"]

1. d4 d5 2. Nf3 Nf6 3. Bf4 c6 4. e3 Bf5 5. Be2 e6 6. 0-0 Bd6 7. Ne5 0-0 8. Nd2 Bc7 9. c4 dxc4 10. Bxc4 Nbd7 11. Nxd7 Qxd7 12. Bxc7 Qxc7 13. Nf3 h6 14. b4 Rad8 15. Qb3 Be4 16. Ne5 Bd5 17. Rfc1 Ne4 18. Bxd5 exd5 19. Rc2 a6 20. Nd3 Qe7 21. Nc5 Nd6 22. a4 Rfe8 23. h3 g5 24. Nd3 f6 25. Rca2 Kg7 26. Nc1 h5 27. Ne2 Rh8 28. Nc3 g4 29. h4 g3 30. Re1 gxf2+ 31. Rxf2 f5 32. g3 Rhg8 33. Kh2 Kh6 34. Rg2 Rg4 35. Qd1 Rdg8 36. Qc1 Ne4 37. Nxe4 fxe4 38. Qd2 Qd6 39. Qf2 Rxh4+ 40. Kg1 Rhg4 41. Rf1 Rxg3 42. Qf6+ Qxf6 43. Rxf6+ R3g6 44. Kh1 R8g7 45. Rgf2 Rxf6 46. Rxf6+ Kg5 47. Rf8 Kg4 48. Kg2 h4 49. Rh8 Rf7 50. Rg8+ Kh5 51. Rh8+ Kg5 52. Rg8+ Kh6 53. Rh8+ Rh7 54. Rb8 Kg6 55. Kh3 Kf6 56. Re8 Rg7 57. Kxh4 Rg1 58. Rb8 Re1 59. Rxb7 Rxe3 60. Rb6 Rc3 61. Rxa6 Kf5 62. b5 cxb5 63. axb5 Rb3 64. Ra5 Kf4 65. b6 Rxb6 66. Kh3 Kf3 67. Kh4 Rd6 68. Kg5 Ke3 69. Ra4 Kd3 70. Kf5 e3 71. Ke5 Rd8 72. Ra3+ Ke2 73. Kf4 Re8 74. Kg3 Rf8 75. Ra5 Kd2 76. Ra2+ 0-1